La lógica va a la escuela : juegos con redes lógicas /
Guardado en:
| Autor Principal: | |
|---|---|
| Formato: | Libro |
| Publicado: |
La Plata :
Del 80,
1986
|
| Materias: | |
| Etiquetas: |
Agregar Etiqueta
Sin Etiquetas, Sea el primero en etiquetar este registro!
|
| LEADER | 00601nam a22001935a 4500 | ||
|---|---|---|---|
| 001 | CEM.cems004855 | ||
| 005 | 20060217000000.0 | ||
| 008 | 130507s1986##################000#0#####d | ||
| 003 | CEMS | ||
| 082 | 0 | 4 | |a 372.7 |
| 100 | 1 | |a Palacios, Alfredo R. | |
| 245 | 1 | 0 | |a La lógica va a la escuela : |b juegos con redes lógicas / |
| 260 | |a La Plata : |b Del 80, |c 1986 | ||
| 300 | |a 117 | ||
| 653 | |a Educacion | ||
| 653 | |a Escuela primaria | ||
| 653 | |a Logica-escuela primaria | ||
| 859 | |a CEMS |b BIB. CEMS - 11 de abril |h 372.7 |i P171-2 |p 14754.87 |t Ej.1 | ||
| 859 | |a CEMS |b BIB. CEMS - 11 de abril |h 372.7 |i P171-2 |p 14755.87 |t Ej.2 | ||
